History Quiz

Random History or Year Quiz

JULBEMD Dates Quiz Stats

 Plays Quiz Updated Feb 29, 2012

Challenge
Share
Tweet
Embed
Score 0/36 Timer 10:00
1 Play Today
a b % Correct
2Wall
91.4%
2Falls
89.6%
2Berlin
87.8%
6King John
84.1%
5Fire of
82.9%
5London
81.1%
6Signs
81%
6Magna Carta
80.3%
5Great
80.1%
21989
78.8%
7Richard Nixon
71.8%
9Mount Vesuvius
64%
9Pompeii
61.7%
7Resigns
60.9%
71974
59.8%
4Family
58.8%
9Buries
57.8%
7Presidency
57.3%
a b % Correct
1Abraham Lincoln
56.8%
1Assassinated
54%
4Executed
50.8%
1President
49.6%
11865
45.5%
61215
33.7%
3Crosses
33.4%
3Atlantic
32.8%
81912
32%
3Charles Lindbergh
31.7%
8Strikes
30.8%
4Romanov
29.7%
8Titanic
29.6%
41918
29%
31927
28.4%
8Iceberg
28.3%
51666
26.1%
9AD 79
18%

You're not logged in!

Compare scores with friends on all Sporcle quizzes.
OR
Log In

You Might Also Like...

Show Comments

Extras

Top Quizzes Today


Score Distribution

Your Account Isn't Verified!

In order to create a playlist on Sporcle, you need to verify the email address you used during registration. Go to your Sporcle Settings to finish the process.

Report this User

Report this user for behavior that violates our Community Guidelines.

Details: